| 000 | 00000nam##2200000za#4500 |
| 001 | 9.601715 |
| 003 | CaOODSP |
| 005 | 20210624210214 |
| 007 | cr ||||||||||| |
| 008 | 150406|2008||||xxc|||||o f|0| 0 fre|d |
| 020 | |a978-1-100-97701-0 |
| 040 | |aCaOODSP|bfre |
| 043 | |an-cn--- |
| 086 | 1 |aFo143-2/415F-PDF |
| 110 | 1 |aCanada.|bRessources naturelles Canada. |bService canadien des forêts. |
| 245 | 10|aÉtude des menaces et des risques liés aux espèces exotiques envahissantes forestières / |h[ressource électronique]|c[par] Emina Krcmar. |
| 260 | |bRessources naturelles Canada. |c2008. |
| 300 | |a64p.|bfigures, cartes, références, tableaux |
| 490 | 1 |aRapport d'information [BC-X-série]|vBC-X-415 |
| 590 | |a12-32-Supp|b2012-07-11 |
| 720 | 1 |aKrcmar, Emina |
| 775 | 08|tAn examination of the threats and risks to forests arising from invasive alien species / |w(CaOODSP)9.563659 |
| 830 | #0|aRapport d'information (Centre de foresterie du Pacifique)|vBC-X-415|w(CaOODSP)9.501561 |
| 856 | 40|ahttp://publications.gc.ca|qPDF|s16276 Ko|uhttps://publications.gc.ca/collections/collection_2012/rncan-nrcan/Fo143-2-415-fra.pdf|yBC-X-415 |